000 00269nam a22001097a 4500
008 240710b |||||||| |||| 00| 0 eng d
100 _aGubakhshani, Holchand
_916802
245 _aNoorjahan
260 _aBombay:
_bLok Sewa Mandal;
_c1965.
300 _a182p.
942 _cBK
999 _c39928
_d39928